Extreme Harry Potter Decoder - Statistics

General Stats
  • This quiz has been taken 204 times
  • The average score is 38 of 79
Answer Stats
Letter Hint Answer % Correct
H Main Character {Harry} Potter
100%
B Pretends to be Mad Eye Moody in the 4th book {Barty} Crouch Jr.
81%
D Name of Voldemort's followers Death Eaters
80%
D Headmaster for most of Harry's time at Hogwarts Dumbledore
80%
E Wizarding card game, made more interesting than the Muggle version, given the chance that it could blow up at any moment. Exploding Snap
79%
F Weasley twin that is mentioned more often Fred
79%
P Goody two shoes Weasley Percy
79%
N Magizoologist who wrote the book Fantastic Beasts and Where to find them {Newt} Scamander
77%
N Shy blundering student in Harry's year Neville
76%
A The killing curse Avada Kedavra
75%
S Hogwarts house that accepts the cunning and the purebloods Slytherin
75%
U 5th year Defense Against the Dark Arts teacher Umbridge
75%
N Full first name of Tonks Nymphadora
74%
S Potions teacher in books 1-5 Snape
74%
E Disarming charm Expelliarmus
72%
H Race of slave elves {House} Elves
71%
T Type of magic taught by professor Mcgonagall Transfiguration
70%
E Spell to summon a partonus Expecto Patronum
68%
N Harry's first broomstick Nimbus 2000
67%
T Batty Hogwarts divination teacher Professor {Trelawney}
67%
S Potions teacher in Harry's 6th year Slughorn
67%
E Hufflepuff boy in the same year as Harry {Ernie} Macmillan
64%
O Ordinary Wizarding Levels O.W.L.s
64%
R First name of Lupin Remus
63%
H Study of plants. Professor Sprout is the Herbology teacher at Hogwarts Herbology
62%
I Mind control curse Imperio
62%
O Hermione's patronus Otter
62%
P Last name of the three brothers Peverell
62%
N Opposite of Lumos Nox
61%
T Name of the time traveling device Time Turner
60%
E One of Dumbledore's friends growing up {Elphias} Doge
58%
E Enlargement spell Engorgio
58%
O Wand salesman in Diagon Alley Olivander
58%
A Aragog is this type of creature Acromantula
55%
B Snake-like creature whose gaze will turn you to stone Basilisk
55%
R The reductor curse Reducto
55%
U Mythical white horse-like creature with a golden mane and a golden horn sprouting from the head Unicorn
54%
I Youngest of the three brothers Ignotus
53%
K What does Voldemort say to Wormtail just before Cedric is killed Kill the spare
53%
N Nastily Exhausting Wizarding Tests N.E.W.T.s
53%
O Spell that modifies the subject’s memories Obliviate
52%
A Most powerful love potion in existence Amortentia
51%
G Gold wizarding money Galleon
51%
N Magical creature that likes shiny objects Niffler
49%
T Winged horse visible only by those who have witnessed a death Thestral
49%
W Disguised as a rat for the first 3 books Wormtail
49%
C Ron's favorite quiditch team The {Chudley} Cannons
48%
E Potion produced by the philosophers stone Elixir of life
44%
V Eldest child of Bill and Fleur Weasley Victoire
44%
N Creatures that Luna Lovegood believes often infest mistletoe Nargles
43%
S Minister of Magic that is described as having hair like the mane of a lion Scrimgeour
42%
I Summons a jet of flames Incendio
41%
R Magical glass ball, the size of a large marble, filled with white smoke. The smoke turns red to tell you that there is something you have forgotten Remembrall
41%
F Ice cream parlour owner in Diagon Alley {Florean} Fortescue
40%
O The sealing of the mind against magical intrusion and influence by a witch or wizard skilled at Legilimency Occlumency
39%
Y Pureblood death eater put in charge of the department of magical law enforcement Yaxley
35%
E Incantation that made Ron vomit slugs Eat slugs
34%
N Breed of dragon that is very rare and very aggressive. Hagrid had one as a pet for a while Norwegian Ridgeback
33%
L The magical ability to extract thoughts, feelings and memories from another person's mind Legilimency
32%
E these spying devices look like long pieces of flesh-coloured string Extendable Ears
27%
E Owl shop in Diagon Alley where Hagrid bought Hedwig for Harry’s eleventh birthday Eeylops
23%
E Rhinoceros like magical creature with an explosive horn Erumpent
22%
N Eating one half makes your nose bleed, eating the other half stops it Nosebleed Nougat
21%
T Trick sweet that causes the tongue to swell. Invented by Fred and George Weasley Ton-Tongue Toffee
19%
E Vanishing Spell Evanesco
18%
L Irish elf or pixie Leprechaun
18%
M Another name for the Mandrake plant Mandragora
18%
Quote Happiness can be found even in the darkest of times, when one only remembers to turn on the light
17%
T The family motto of the Noble and Most Ancient House of Black Toujours pur
15%
M Chestnut-coloured centaur who lives in the Forbidden Forest Magorian
14%
O Magical binoculars with slow-motion and replay settings Omnioculars
14%
M Wizards that can change their appearance at will Metamorphmagi
12%
R Goblin-like creature found in places where bloodshed has occurred Red Cap
12%
T Spell that causes the victims legs to dance uncontrollably Tarantallegra
12%
S A white fire-dwelling lizard that feeds on flame Salamander
11%
E Exploding wizarding sweets available from Honeydukes in Hogsmeade Exploding bonbons
10%
H According to Luna Lovegood in Order of the Phoenix, Cornelius Fudge, Minister for Magic, has an army of these tall flaming spirits of fire that gallop across the ground, burning everything in their path. Hermione, however, claims that they don't exist Heliopath
7%
I Wizarding sweets available from Honeydukes in Hogsmeade which make your teeth squeak and chatter Ice Mice
6%
H A flower used as an ingredient in potions such as the Draught of Peace Hellebore
5%
No matching quizzes found
Score Distribution
Percent of People with Each Score
Percentile by Number Answered
Your Score History
You have not taken this quiz